00298nam a2200109Ia 4500008004100000020001500041082001500056100000600071245002100077260007500098300001500173250817s9999 xx 000 0 und d a9991510427 a891.489DHI a_ 0aDhivehi Adheebun aMale MaldivesbDhivehi thareehah hidhumayeh kuraa gaumee marukazc2003 a"45p,20cm"